| 000 | 00661nam a22002057a 4500 | ||
|---|---|---|---|
| 999 |
_c11959 _d11959 |
||
| 003 | AR-CdUCM | ||
| 008 | 190405b ||||| |||| 00| 0 spa d | ||
| 040 |
_aMUNICIPALIDAD PROVINCIAL DEL CUSCO _cBIBLIOTECA MUNICIPAL DEL CUSCO |
||
| 082 |
_a869.58 / _bP39 / 1946 |
||
| 100 |
_aPelaez Bazan, Alfonso _929595 |
||
| 245 | _aCuentos Peruanos / | ||
| 260 |
_aLima : _bMinisterio de educación pública, _c1946. |
||
| 300 |
_a327 páginas ; _c22 cm. |
||
| 505 | _aTierra Mia -- Cholerias -- Tierras del alba... | ||
| 650 |
_aCostumbres. _9230 |
||
| 650 |
_aCuentos peruanos. _97 |
||
| 650 |
_aTradiciones. _9229 |
||
| 942 |
_2ddc _cLIBROS |
||
| 945 |
_awfj _d2019-04-05 |
||